Η δημοκρατία στην Αμερική
Αποθηκεύτηκε σε:
| Κύριος συγγραφέας: | |
|---|---|
| Άλλοι συγγραφείς: | |
| Μορφή: | Βιβλίο |
| Γλώσσα: | Greek English |
| Δημοσίευση: |
Αθήνα :
Καραβίας,
1987.
|
| Θέματα: | |
| Ετικέτες: |
Προσθήκη ετικέτας
Δεν υπάρχουν, Καταχωρήστε ετικέτα πρώτοι!
|
MARC
| LEADER | 00000cam a2200000 i 4500 | ||
|---|---|---|---|
| 001 | 1/14208 | ||
| 008 | 980428s1987 gr | ||| |||| ||gre|| | ||
| 035 | |l 10019336 | ||
| 040 | |a GR-MyUA |b gre |e AACR2 | ||
| 041 | 1 | |a gre |h eng | |
| 082 | 0 | |a 321.80420973 | |
| 100 | 1 | |a Tocqueville, Alexis de, |d 1805-1859. | |
| 245 | 1 | 2 | |a Η δημοκρατία στην Αμερική / |c Αλέξις ντε Τοκβίλ ; μετάφραση Βασ. Λ. Καζαντζή. |
| 260 | |a Αθήνα : |b Καραβίας, |c 1987. | ||
| 300 | |a 315 σ. |c 23 εκ. | ||
| 500 | |a Τίτλος πρωτοτύπου: Democracy in America. | ||
| 650 | 0 | 0 | |a Democracy. |
| 651 | 0 | |a United States |x Politics and government. | |
| 651 | 0 | |a United States |x Social conditions |y To 1865. | |
| 700 | 1 | |a Καζαντζής, Βασίλης Λ. |e trl | |
| 852 | |a INST |b LESVOS |e 19980428 |h 321.80420973 TOC |p 005100014213 |q 005100014213 |t BK |y 0 | ||
| 852 | |a INST |b LESVOS |e 20221209 |h 321.80420973 TOC |p 005100064072 |q 005100064072 |t BK |y 0 | ||
| 901 | |a BIBL-1998-2 | ||
| 909 | |a Λ |b 055332 | ||
| 922 | |a 1ΕΛΗ |b 199803 |c ΚΠΣ/ΤΚ |d EMVASIS | ||
| 950 | |a 103-1998-02-16 | ||